Normal view
MARC view
- Triveni Deshpande - 2k151072; Dr. Sonali Parchure - Guide & Definedge Solution
Entry Personal Name
001 - CONTROL NUMBER
- control field: 105143
003 - CONTROL NUMBER IDENTIFIER
- control field: OSt
005 - DATE AND TIME OF LATEST TRANSACTION
- control field: 20221007221546.0
008 - FIXED-LENGTH DATA ELEMENTS
- fixed length control field: 221007|| aca||aabn | a|a d
040 ## - CATALOGING SOURCE
- Original cataloging agency: OSt
- Transcribing agency: OSt
100 ## - HEADING--PERSONAL NAME
- Personal name: Triveni Deshpande - 2k151072; Dr. Sonali Parchure - Guide & Definedge Solution
670 ## - SOURCE DATA FOUND
- Source citation: Work cat.: (OSt)80043: Triveni Deshpande - 2k151072; Dr. Sonali Parchure - Guide & Definedge Solution, Technical Analysis Of Stocks In Different Sectors Of India Stock Market, 2015